(Football) Toutes les sélections contre lesquelles Messi a marqué - Statistiques

Statistiques générales
  • Ce quiz a été pris 517 fois
  • Le résultat moyen est 22 sur 36
Statistiques - réponses
Nbs de buts Pays Confédération % Correct
5 Brésil CONMEBOL
99%
3 France UEFA
99%
6 Uruguay CONMEBOL
92%
5 Chili CONMEBOL
91%
2 Espagne UEFA
90%
4 Mexique CONCACAF
89%
1 Portugal UEFA
88%
1 Allemagne UEFA
87%
3 Colombie CONMEBOL
87%
1 États-Unis CONCACAF
84%
5 Paraguay CONMEBOL
81%
6 Equateur CONMEBOL
78%
1 Pays-Bas UEFA
77%
8 Bolivie CONMEBOL
76%
1 Pérou CONMEBOL
75%
1 Australie AFC
73%
1 Arabie Saoudite AFC
71%
5 Vénézuela CONMEBOL
70%
3 Croatie UEFA
68%
3 Suisse UEFA
68%
2 Algérie CAF
62%
3 Panama CONCACAF
60%
3 Nigéria CAF
58%
2 Honduras CONCACAF
56%
2 Jamaïque CONCACAF
47%
1 Iran AFC
43%
1 Serbie UEFA
37%
3 Guatemala CONCACAF
34%
1 Bosnie-Hérzégovine UEFA
33%
3 Haïti CONCACAF
33%
5 Estonie UEFA
30%
2 Nicaragua CONCACAF
30%
1 Slovénie UEFA
30%
1 Albanie UEFA
21%
1 Émirats arabes unis AFC
18%
2 Hong Kong AFC
1%
Aucun quiz correspondant
Distribution des résultats
% des personnes avec chaque résultat
Percentile par nombre de réponses
Votre historique - résultats
Vous n’avez pas pris ce quiz